[Event "Irish Championship 1999"]
[Site "Drogheda IRL"]
[Date "1999.04.10"]
[Round "8"]
[White "Nicholson, John"]
[Black "Cafolla, Peter"]
[Result "0-1"]
[WhiteElo "2035"]
[BlackElo "2098"]
[WhiteICU "1935"]
[BlackICU "2039"]
[WhiteClub "Newtownards"]
[BlackClub "Rathmines"]
[WhiteNationality "IRL"]
[BlackNationality "IRL"]
[WhiteFideId "2501724"]
[BlackFideId "2500884"]
[PlyCount "68"]
[EventDate "1999.04.03"]

{ Annotator: Se&aacute;n Coffey, <a
href="https://www.irlchess.com/2017/04/13/irish-championship-1999/">Irish
Championship 1999</a>, IRLchess, July 16, 2017. } { Reference: <a
href="https://www.irlchess.com/irlch1999_allfiles/pairings_irlch1999.html">Tournament
report</a>. }

1. e4 c5 2. Nc3 e6 3. g3 d5 4. Bg2 d4 5. Nce2 Nc6 6. d3 Nf6 7. c3 Be7 8. f4
Rb8 9. Nf3 O-O 10. h3 dxc3 11. bxc3 c4 12. e5 cxd3 13. Ned4 Ne4 14. Qxd3
Nxg3 15. Rg1 Nf5 16. Be3 Ncxd4 17. Nxd4 Bh4+ 18. Ke2 b6 19. Be4 Nxd4+ 20.
Bxd4 g6 21. Bxg6 fxg6 22. Rxg6+ Kf7 23. Rh6 Rh8 24. Rxh7+ Rxh7 25. Qxh7+
Ke8 26. Rg1 Be7 27. Rg8+ (27. Rg7 $1 Kd7 28. f5 $1 exf5 29. Kd2 $1 (29. Qg6
Ba6+ 30. Ke3 f4+ $16) 29... f4 30. a4 Bb7 31. Qf5+ Kc7 32. Qe6 { and White
recovers a piece, when the extra pawn should be enough to win. }) 27... Bf8
28. Qg6+ Kd7 29. f5 (29. Qf7+ Qe7 30. Qxf8 $4 Ba6+ $19) 29... Ba6+ 30. Kd1
Bc4 31. f6 Kc6 32. Qf7 Qe8 33. Qxa7 Qh5+ 34. Kc1 Bh6+ 0-1

[Event "Irish Championship 1999"]
[Site "Drogheda IRL"]
[Date "1999.04.10"]
[Round "8"]
[White "O'Cinneide, Mel"]
[Black "McCarthy, Jim"]
[Result "0-1"]
[WhiteElo "2281"]
[BlackElo "2135"]
[WhiteICU "2247"]
[BlackICU "1885"]
[WhiteClub "Crumlin"]
[BlackClub "St. Benildus"]
[WhiteNationality "IRL"]
[BlackNationality "IRL"]
[WhiteFideId "2500620"]
[BlackFideId "2500930"]
[PlyCount "80"]
[EventDate "1999.04.03"]
[WhiteFullName "&Oacute; Cinn&eacute;ide, Mel"]

{ Reference: <a
href="https://www.irlchess.com/irlch1999_allfiles/pairings_irlch1999.html">Tournament
report</a>. }

1. c4 f5 2. g3 Nf6 3. Bg2 g6 4. Nc3 Bg7 5. Nf3 O-O 6. O-O d6 7. d4 Nc6 8.
d5 Na5 9. Qa4 c5 10. dxc6 bxc6 11. Rd1 c5 12. Nd5 Bd7 13. Qc2 Rb8 14. Bd2
Nxd5 15. cxd5 Rxb2 16. Qd3 Bb5 17. Qe3 Nc4 18. Qf4 Nxd2 19. Nxd2 Rb4 20.
Qe3 Bxa1 21. Rxa1 Bd7 22. Nf3 Rf6 23. Ng5 h6 24. a3 Rb6 25. Nf3 Kg7 26. Rd1
Ba4 27. Rc1 Rb3 28. Rc3 Rxc3 29. Qxc3 Qd7 30. h4 Qb7 31. Ng5 Bd7 32. Kh2 c4
33. e4 Qb3 34. Qd4 Qb6 35. Qa1 Kg8 36. Nh3 fxe4 37. Nf4 Rxf4 38. gxf4 Qxf2
39. Qb1 Qxf4+ 40. Kg1 Kf7 0-1

[Event "Irish Championship 1999"]
[Site "Drogheda IRL"]
[Date "1999.04.10"]
[Round "8"]
[White "O'Connell, Gerard"]
[Black "O'Connor, Jonathan"]
[Result "1/2-1/2"]
[WhiteElo "2201"]
[BlackElo "2120"]
[WhiteICU "2155"]
[BlackICU "2162"]
[WhiteClub "St. Benildus"]
[BlackClub "Dublin"]
[WhiteNationality "IRL"]
[BlackNationality "IRL"]
[WhiteFideId "2500493"]
[BlackFideId "2501112"]
[PlyCount "101"]
[EventDate "1999.04.03"]

{ Reference: <a
href="https://www.irlchess.com/irlch1999_allfiles/pairings_irlch1999.html">Tournament
report</a>. }

1. d4 Nf6 2. c4 g6 3. Nc3 d5 4. cxd5 Nxd5 5. e4 Nxc3 6. bxc3 Bg7 7. Bc4 c5
8. Ne2 O-O 9. O-O Nc6 10. Be3 Bg4 11. f3 Na5 12. Bd5 Bd7 13. Rb1 Qc7 14.
Bf4 Qc8 15. a3 Re8 16. e5 Be6 17. Be4 Rd8 18. Rb5 Qc7 19. Rxc5 Qxc5 20.
dxc5 Rxd1 21. Rxd1 Rc8 22. Rb1 Bc4 23. Nd4 Rxc5 24. Bxb7 Bxe5 25. Be3 Bd3
26. Rb4 a6 27. Nb3 Nxb3 28. Rxb3 Rxc3 29. Rxc3 Bxc3 30. Bc5 e5 31. Kf2 Bc4
32. Ke3 f5 33. g4 Kf7 34. gxf5 gxf5 35. Bc8 Kf6 36. Bd7 Bb2 37. a4 Bc1+ 38.
Kf2 Bf4 39. h3 Bd3 40. Bd6 Bd2 41. Bc5 Bg5 42. Bb6 Ke7 43. Bc8 Kd6 44. Bb7
Bd2 45. Be3 Bb4 46. f4 a5 47. fxe5+ Kxe5 48. Bc6 Kd6 49. Be8 Bc2 50. h4 Kd5
51. Kf3 1/2-1/2

[Event "Irish Championship 1999"]
[Site "Drogheda IRL"]
[Date "1999.04.10"]
[Round "8"]
[White "Orr, Mark J. L."]
[Black "Ryan, Joe"]
[Result "1-0"]
[WhiteTitle "IM"]
[WhiteElo "2360"]
[BlackElo "2277"]
[WhiteICU "2288"]
[BlackICU "2258"]
[WhiteClub "Wandering Dragons SCO"]
[BlackClub "Bray/Greystones"]
[WhiteNationality "IRL"]
[BlackNationality "IRL"]
[WhiteFideId "2500035"]
[BlackFideId "2500426"]
[PlyCount "65"]
[EventDate "1999.04.03"]

{ Reference: <a
href="https://www.irlchess.com/irlch1999_allfiles/pairings_irlch1999.html">Tournament
report</a>. }

1. d4 Nf6 2. Bg5 Ne4 3. Bf4 c5 4. f3 Qa5+ 5. c3 Nf6 6. d5 Qb6 7. b3 e6 8.
e4 exd5 9. exd5 Bd6 10. Bg5 Be7 11. c4 O-O 12. Nc3 Re8 13. Nge2 d6 14. Qd2
Qd8 15. Be3 Bf8 16. Ng3 Na6 17. Be2 Nc7 18. O-O b5 19. cxb5 Bd7 20. Bc4 g6
21. Bh6 Bxh6 22. Qxh6 Qe7 23. Rae1 Qf8 24. Qd2 Reb8 25. a4 a6 26. bxa6 Nxa6
27. Qf4 Kg7 28. Nge4 Nxe4 29. Nxe4 Rd8 30. Qf6+ Kg8 31. Nxd6 Bxa4 32. Nxf7
Qxf7 33. d6 1-0

[Event "Irish Championship 1999"]
[Site "Drogheda IRL"]
[Date "1999.04.11"]
[Round "9"]
[White "Brady, Stephen"]
[Black "O'Connell, Gerard"]
[Result "1-0"]
[WhiteTitle "FM"]
[WhiteElo "2320"]
[BlackElo "2201"]
[WhiteICU "2263"]
[BlackICU "2155"]
[WhiteClub "Public Service"]
[BlackClub "St. Benildus"]
[WhiteNationality "IRL"]
[BlackNationality "IRL"]
[WhiteFideId "2500124"]
[BlackFideId "2500493"]
[PlyCount "113"]
[EventDate "1999.04.03"]

{ Reference: <a
href="https://www.irlchess.com/irlch1999_allfiles/pairings_irlch1999.html">Tournament
report</a>. }

1. e4 c5 2. c3 Nf6 3. e5 Nd5 4. d4 cxd4 5. Nf3 Nc6 6. Bc4 Nb6 7. Bb3 d5 8.
exd6 Qxd6 9. O-O Be6 10. Na3 Bxb3 11. Qxb3 e6 12. Nb5 Qb8 13. Nbxd4 Be7 14.
Be3 O-O 15. Nxc6 bxc6 16. c4 Qc7 17. Rfe1 Rab8 18. Qc2 h6 19. Bd4 c5 20.
Be5 Bd6 21. Bxd6 Qxd6 22. Rad1 Qe7 23. Ne5 Rb7 24. Rd3 Nd7 25. Nf3 Rfb8 26.
b3 a5 27. a4 Nf6 28. h3 Rd8 29. Red1 Rbd7 30. Ne5 Rxd3 31. Rxd3 Rxd3 32.
Qxd3 Qc7 33. f4 Kf8 34. Qf3 Qd8 35. Qb7 Qd4+ 36. Kh1 Kg8 37. Qb8+ Kh7 38.
Nxf7 Ne4 39. Qh8+ Kg6 40. Ne5+ Kf5 41. Qf8+ Nf6 42. Nf3 Qe3 43. Qd6 Qc1+
44. Ng1 Qe3 45. Qc7 Kg6 46. Qc6 Kh7 47. Qf3 Qxf3 48. Nxf3 Nh5 49. Ne5 Nxf4
50. Nc6 Nd3 51. Nxa5 Nb4 52. Nb7 Na6 53. a5 Kg6 54. Nxc5 Nxc5 55. b4 e5 56.
bxc5 e4 57. Kg1 1-0

[Event "Irish Championship 1999"]
[Site "Drogheda IRL"]
[Date "1999.04.11"]
[Round "9"]
[White "Clarke, Tom"]
[Black "O'Donovan, Richard"]
[Result "1-0"]
[WhiteElo "2170"]
[BlackElo "2176"]
[WhiteICU "2110"]
[BlackICU "2086"]
[WhiteClub "North Belfast"]
[BlackClub "Public Service"]
[WhiteNationality "IRL"]
[BlackNationality "IRL"]
[WhiteFideId "2500302"]
[BlackFideId "2500868"]
[PlyCount "99"]
[EventDate "1999.04.03"]

{ Reference: <a
href="https://www.irlchess.com/irlch1999_allfiles/pairings_irlch1999.html">Tournament
report</a>. }

1. d4 Nf6 2. Bg5 Ne4 3. h4 d5 4. Nd2 Bf5 5. e3 c5 6. c3 Qb6 7. Qb3 Qxb3 8.
axb3 Nc6 9. Ngf3 cxd4 10. exd4 f6 11. Bf4 e6 12. b4 Bd6 13. Nxe4 Bxf4 14.
Nc5 Nd8 15. Bb5+ Ke7 16. h5 b6 17. Na6 Rc8 18. Rh4 Bd6 19. g4 Bc2 20. Kd2
Be4 21. Ne1 h6 22. Bd3 Bf4+ 23. Ke2 Nf7 24. f3 Bg5 25. Rh1 Bxd3+ 26. Kxd3
f5 27. gxf5 exf5 28. f4 Bxf4 29. Rf1 Bd6 30. Ng2 f4 31. Nxf4 Bxf4 32. Rxf4
Rhf8 33. Rf5 Rfd8 34. Re1+ Kf8 35. Ree5 Kg8 36. Re7 Ng5 37. Rxa7 Ra8 38.
Rxa8 Rxa8 39. Nc7 Ra2 40. Kc2 Ra1 41. Nxd5 Rh1 42. Nf4 Rh2+ 43. Kb3 Rf2 44.
d5 Nf7 45. Ng6 Rg2 46. d6 Rd2 47. Ne7+ Kf8 48. Nd5 Ke8 49. d7+ Kd8 50. Nxb6
1-0

[Event "Irish Championship 1999"]
[Site "Drogheda IRL"]
[Date "1999.04.11"]
[Round "9"]
[White "Daly, Colm"]
[Black "Orr, Mark J. L."]
[Result "1-0"]
[WhiteTitle "FM"]
[BlackTitle "IM"]
[WhiteElo "2376"]
[BlackElo "2360"]
[WhiteICU "2344"]
[BlackICU "2288"]
[WhiteClub "Swords"]
[BlackClub "Wandering Dragons SCO"]
[WhiteNationality "IRL"]
[BlackNationality "IRL"]
[WhiteFideId "2500434"]
[BlackFideId "2500035"]
[PlyCount "131"]
[EventDate "1999.04.03"]

{ Reference: <a
href="https://www.irlchess.com/irlch1999_allfiles/pairings_irlch1999.html">Tournament
report</a>. }

1. Nf3 d5 2. d4 c6 3. c4 Nf6 4. cxd5 cxd5 5. Nc3 Nc6 6. Bf4 Bf5 7. e3 e6 8.
Bd3 Bd6 9. Bxf5 exf5 10. Bg5 h6 11. Bxf6 Qxf6 12. Nxd5 Qd8 13. Nc3 O-O 14.
O-O Re8 15. g3 Bf8 16. Rc1 a6 17. Qb3 Rb8 18. Rfd1 Qd6 19. a3 Red8 20. Na4
b5 21. Nc5 Na5 22. Qc2 g6 23. Ne5 Nc6 24. Ne4 fxe4 25. Qxc6 Qd5 26. Qxd5
Rxd5 27. Nc6 Ra8 28. b4 Kg7 29. Rc2 h5 30. Rdc1 h4 31. Na5 hxg3 32. hxg3 f5
33. Rc7+ Kh6 34. Rc8 Rxc8 35. Rxc8 Be7 36. Rc6 Kh5 37. Rxa6 g5 38. Re6 Bd6
39. Nc6 Kg4 40. Ne5+ Bxe5 41. Rxe5 Rd8 42. Rxb5 Ra8 43. Rc5 Kf3 44. b5 Rb8
45. a4 Ra8 46. Rc4 f4 47. exf4 gxf4 48. gxf4 e3 49. fxe3 Rg8+ 50. Kf1 Rh8
51. Ke1 Kxe3 52. Rc3+ Kxd4 53. Ra3 Rb8 54. Ke2 Ke4 55. Rb3 Kxf4 56. a5 Ke5
57. Kd3 Kd5 58. Kc3 Kc5 59. b6 Kc6 60. Kb4 Rh8 61. Rc3+ Kb7 62. Rc7+ Kb8
63. a6 Rg8 64. Kb5 Rg5+ 65. Rc5 Rg8 66. a7+ 1-0

[Event "Irish Championship 1999"]
[Site "Drogheda IRL"]
[Date "1999.04.11"]
[Round "9"]
[White "Kennedy, John P. A."]
[Black "Cafolla, Peter"]
[Result "0-1"]
[WhiteElo "2120"]
[BlackElo "2098"]
[WhiteICU "1721"]
[BlackICU "2039"]
[WhiteClub "Rathmines"]
[BlackClub "Rathmines"]
[WhiteNationality "IRL"]
[BlackNationality "IRL"]
[WhiteFideId "2501120"]
[BlackFideId "2500884"]
[PlyCount "66"]
[EventDate "1999.04.03"]

{ Reference: <a
href="https://www.irlchess.com/irlch1999_allfiles/pairings_irlch1999.html">Tournament
report</a>. } { Annotator: Anon., <em>Irish Chess Journal</em>, vol. 11,
no. 4, September-October 1999, p. 18 (adapted here). }

1. c4 e5 2. Nc3 d6 3. g3 Be6 4. b3 c6 5. Bg2 d5 6. cxd5 cxd5 7. e3 Nc6 8.
Nge2 Nf6 9. O-O Be7 10. Bb2 Qd7 11. Rc1 Bh3 12. Na4 h5 13. f3 Bxg2 14. Kxg2
h4 15. Rh1 e4 16. Nd4 Nxd4 17. Bxd4 Qf5 18. Qe2 exf3+ 19. Qxf3 h3+ 20. Kf2
Ne4+ 21. Ke2 Qxf3+ 22. Kxf3 Nxd2+ 23. Ke2 Ne4 24. Bxg7 Rh5 25. Bd4 Rf5 26.
Rhf1 Rxf1 27. Kxf1 Kd7 28. Nc5+ $2 (28. Nb2 Ba3 29. Rc2 $10) (28. Nc3 Rc8
29. Ne2 $10) 28... Nxc5 29. Bxc5 Rc8 $19 30. b4 b6 31. Rd1 bxc5 32. Rxd5+
Ke6 33. Rh5 c4 0-1

[Event "Irish Championship 1999"]
[Site "Drogheda IRL"]
[Date "1999.04.11"]
[Round "9"]
[White "McCarthy, Jim"]
[Black "O'Rourke, Ray"]
[Result "1/2-1/2"]
[WhiteElo "2135"]
[BlackElo "2052"]
[WhiteICU "1885"]
[BlackICU "2001"]
[WhiteClub "St. Benildus"]
[BlackClub "Elm Mount"]
[WhiteNationality "IRL"]
[BlackNationality "IRL"]
[WhiteFideId "2500930"]
[BlackFideId "2501023"]
[PlyCount "33"]
[EventDate "1999.04.03"]

{ Reference: <a
href="https://www.irlchess.com/irlch1999_allfiles/pairings_irlch1999.html">Tournament
report</a>. }

1. d4 Nf6 2. Nf3 g6 3. g3 Bg7 4. Bg2 O-O 5. O-O d6 6. a4 c6 7. Nc3 Nbd7 8.
e4 e5 9. h3 Re8 10. Be3 Qa5 11. dxe5 dxe5 12. Nd2 Nb6 13. Nb3 Qb4 14. a5
Nbd7 15. Qd2 Bf8 16. Ra4 Qe7 17. Rd1 1/2-1/2

[Event "Irish Championship 1999"]
[Site "Drogheda IRL"]
[Date "1999.04.11"]
[Round "9"]
[White "Ryan, Joe"]
[Black "Nicholson, John"]
[Result "1-0"]
[WhiteElo "2277"]
[BlackElo "2035"]
[WhiteICU "2258"]
[BlackICU "1935"]
[WhiteClub "Bray/Greystones"]
[BlackClub "Newtownards"]
[WhiteNationality "IRL"]
[BlackNationality "IRL"]
[WhiteFideId "2500426"]
[BlackFideId "2501724"]
[PlyCount "47"]
[EventDate "1999.04.03"]

{ Reference: <a
href="https://www.irlchess.com/irlch1999_allfiles/pairings_irlch1999.html">Tournament
report</a>. }

1. d4 Nf6 2. Nf3 g6 3. Nc3 d5 4. Bf4 Bg7 5. e3 O-O 6. Be2 a6 7. Ne5 Ne4 8.
Nxe4 dxe4 9. Bc4 e6 10. h4 c5 11. c3 f6 12. Ng4 h5 13. Nh2 b5 14. Bb3 c4
15. Bc2 f5 16. Nf1 Nc6 17. Bg5 Bf6 18. Bxf6 Qxf6 19. Ng3 Bb7 20. Ne2 Rad8
21. Qd2 e5 22. g3 exd4 23. exd4 Nxd4 24. Nxd4 1-0